000 01128cam a2200289 a 4500
001 000013869
005 20200929163358.0
008 091130s1986 ag 000 f spa d
020 _a9509377058
035 _a(DLC) 84000438
040 _aDO-SdBNP
_cDLC
_dDLC
041 1 7 _aspa
_heng
_2Código de idioma MARC
082 _a327.47
_bS562d
100 1 _aShultz, Richard H.,
_d1947-
_931408
240 1 0 _aDezinformatsia: active measures in Soviet strategy
_lEspañol.
245 1 0 _aDesinformación :
_bmedidas activas en la Soviética /
_cRichard H. Shultz y Roy Godson.
260 _aBuenos Aires :
_bCLIO,
_c1986.
300 _avi, 219 p. :
_bil. ;
_c23 cm.
504 _aIncluye referencias bibliográficas y notas al pie de las páginas.
534 _aTítulo orignal en inglés:
_tDezinformatsia: active measures in Soviet strategy.
650 4 _aDesinformación
_zUnión Soviética.
_931409
650 4 _aPolítica internacional
_y1945-1989.
_92969
651 4 _aUnión Soviética
_xRelaciones Exteriores
_y1945-1991.
_931410
700 1 _aGodson, Roy,
_d1942-
_931411
910 _aCatalogación derivada
049 _aBNGR
999 _c13475
_d13475